00794nam a2200169 a 450000100100000000500170001000800410002704000250006808200150009310000260010824500800013426000440021430000200025850001470027895201820042599900170060700003344420200930070249.0110829s1911 dr 000 0 spa d aDO-SdBNPbspacBNPHU axxxbB363p1 aBazil, Juan R.95899213aLa prescripción y el artículo 2257 del código civil /cJuan R. Bazil. aSanto Domingo :bFlor del Ozama,c1911. a37 p. ;c24 cm. aOriginalmente presentada como tesis para optar por la licenciatura en la facultad de derecho civil del Instituto Profesional de Santo Domingo. 001050718RVaPDbPDcCTd2011-08-29iLF1l0oxxx B363pp33444-10r2020-06-25w2020-06-25y1zPerteneció a la biblioteca personal de Carlos Larrazábal BlancoZNo se presta c32935d32935